000 00407nam a2200157Ia 4500
003 Ost
005 20260225132556.0
008 260225s9999||||xx |||||||||||||| ||und||
040 _cfsic
041 _afre
082 _a302.23
100 _aPascal Arnaud
_eAuteur
245 0 _aAmérique latine :
245 0 _bla formation de l'économie nationale Argentine et Mexique /
_cPascal Arnaud
942 _cكتاب
999 _c34467
_d34467